书目信息 |
| 题名: |
中级英文写作教程
|
|
| 作者: | 董启明 | |
| 分册: | ||
| 出版信息: | 保定 河北大学出版设 1994 |
|
| 页数: | 491 | |
| 开本: | 20cm | |
| 丛书名: | ||
| 单 册: | ||
| 中图分类: | C43 | |
| 科图分类: | ||
| 主题词: | 社会科学--教材 | |
| 电子资源: | ||
| ISBN: | 7-81028-277-8 | |
| 000 | 00508nam0 2200181 450 | |
| 001 | 0735257515 | |
| 005 | 20070904094737.51 | |
| 010 | @a7-81028-277-8 | |
| 100 | @a20070904d km y0chiy0120 ea | |
| 101 | 0 | @achi |
| 200 | 1 | @a中级英文写作教程@Azhong ji ying wen xie zuo jiao cheng@f董启明@Fdong qi ming |
| 210 | @a保定@c河北大学出版设@d1994 | |
| 215 | @a491@c16@d20cm | |
| 606 | 0 | @a社会科学@x教材 |
| 690 | @aC43@v3 | |
| 701 | 0 | @a董启明@Adong qi ming |
| 801 | 0 | @aCN@bPFT@c20070904 |
| 905 | @a213230@dC43@ea2@f1 | |
| 中级英文写作教程/董启明.-保定:河北大学出版设,1994 |
| 491:16;20cm |
| ISBN 7-81028-277-8: |
| ● |
| 相关链接 |
|
|
|
|
正题名:中级英文写作教程
索取号:C43/a2
 
预约/预借
| 序号 | 登录号 | 条形码 | 馆藏地/架位号 | 状态 | 备注 |
| 1 | 7500940 | 275009401 | 密集书库-史法系/ [索取号:C43/a2] | 在馆 |